| 000 | 00487nam a2200169Ia 4500 | ||
|---|---|---|---|
| 008 | 230711s9999||||xx |||||||||||||| ||und|| | ||
| 041 | _aENG | ||
| 082 |
_a624 _bBU-C |
||
| 100 | _aBurt Hill Kosar Rittelmann Associates | ||
| 245 | 0 | _aCommercial building design: integrating climate, comfort, and cost | |
| 250 | _a1st Ed. | ||
| 260 |
_c1987 _aNew York _bVan Nostrand Reinhold Co. |
||
| 300 | _a236 | ||
| 650 | _aCivil Engineering | ||
| 700 | _aMin Kantrowitz Associates | ||
| 942 | _cBK | ||
| 999 |
_c1938 _d1938 |
||